1415 1225 1958 1387 1929 1228 1872 1965 1253 1461 1985 1319 1474 1653 1186 1092 1383 1070 1178 1667 1655 1247 1829 1154 1338 1591 1664 1815 1921 1034 1303 1708 1444 1027 1235 1731 1589 1416 1190 1499 1186 1852 2000 1989 1135 1027 1149 1125 1514 1217 1848 1639 1926 1855 1626 1644 1443 1663 1162 1363 1675 1736 1127 1419 1014 1389 1584 1299 1082 1626 1507 1521 1766 1392 1836 1226 1147 1335 1824 1916 1390 1700 1332 1485 1152 1123 1381 1608 1829 1075 1757 1175 1264 1178 1265 1926 1398 1630 1624 BCNSPRNW ULIB Ver.6.0+V

เปลี่ยนเป็นภาษาไทย

Change to English
 แสดงรายละเอียดบรรณานุกรม
  กลับหน้าหลัก

Brief Record : Get Marc (ISO 2709) : E-mail record : QR code < ปิดหน้าต่าง
LEADER : 00000nam 2200000uu 4500
001    13399127374
003     ULIB
008    200513s2018||||th 000 0 tha d
020    ^a9781975134877 (alk. paper)
060 04 ^aWQ18.2^bC156B
100 1  ^aCallahan, Tamara L.
245 10 ^aBlueprints obstetrics & gynecology /^cTamara Callahan,Aaron B. Caughey
246 1  ^aObstetrics & gynecology
246 1  ^aBlueprints obstetrics and gynecology
250    ^a7th ed.
260    ^aBaltimore, MD :^bWolters Kluwer Health/Lippincott Williams& Wilkins,^c2018
300    ^axiv, 590 p. :^bill. (some col.) ;^c26 cm.
504    ^aIncludes bibliographical references and index
650  2 ^aPregnancy Complications^vExamination Questions
650  2 ^aGenital Diseases, Female^vExamination Questions
700 1  ^aCaughey, Aaron B.
830  0 ^aBlueprints
945    ^p1649^l0^i007046
999    ^aอังศุธร กาญจนาโรจน์พันธ์
รายการนี้ยังไม่มีแท็ก
คุณยังไม่ได้ล็อกอิน คุณสามารถมีกิจกรรมร่วมกับเว็บไซต์ได้ แต่ต้องล็อกอินก่อน ::
  ล็อกอิน

รายการสื่อสารสนเทศ

ลำดับที่ ประเภท เลขเรียก/บาร์โค้ด สถานที่ สถานะ
1. วิทยาศาสตร์การแพทย์ และสุขภาพ
หนังสือสำรอง
สถานะ=หนังสือสำรอง
WQ18.2 C156B ฉ.1 
  Barcode: 007046
ห้องสมุดวิทยาเขตสวรรค์ประชารักษ์
►หนังสือทั่วไป
บนชั้น

รายการใกล้เคียง
    ผู้แต่ง [Callahan, Tamara L.]

BibComment


ยังไม่เคยถูกคอมเมนท์

คอมเมนท์ทรัพยากรรายการนี้
  คอมเมนท์: Blueprints obste..


 Copyright 2026. Bcnsprnw @Library